MLB City Connect Jerseys - Statistics

General Stats
  • This quiz has been taken 112 times
    86 since last reset
  • The average score is 26 of 28
Answer Stats
Picture Answer % Correct
Houston Astros
100%
Boston Red Sox
99%
Los Angeles Angels
99%
San Francisco Giants
99%
Atlanta Braves
97%
Baltimore Orioles
96%
Cincinnati Reds
96%
Kansas City Royals
96%
Los Angeles Dodgers
96%
Pittsburgh Pirates
96%
St. Louis Cardinals
96%
Chicago Cubs
95%
Chicago White Sox
95%
Colorado Rockies
95%
Detroit Tigers
95%
Miami Marlins
95%
Milwaukee Brewers
95%
Seattle Mariners
95%
Cleveland Guardians
93%
San Diego Padres
93%
Texas Rangers
93%
Toronto Blue Jays
93%
Philadelphia Phillies
92%
Minnesota Twins
90%
Tampa Bay Rays
90%
New York Mets
89%
Arizona Diamondbacks
88%
Washington Nationals
86%
No matching quizzes found
Score Distribution
Percent of People with Each Score
Percentile by Number Answered
Your Score History
You have not taken this quiz since the last reset